| 000 | 00824nam a2200217 a 4500 | ||
|---|---|---|---|
| 001 | 84334 | ||
| 003 | BD-RjUL | ||
| 005 | 20241120150522.0 | ||
| 008 | 241120s1969 bg ||||| |||| 00| 0 ben d | ||
| 035 | _a(BD-RjUL)84334 | ||
| 040 |
_aBD-RjUL _beng _cBD-RjUL |
||
| 041 | _aben | ||
| 082 |
_223 _a808.2 _bBAJ 1969 |
||
| 100 |
_aবন্দ্যোপাধ্যায়, জীবন _914343 |
||
| 245 |
_aআধুনিক বিশ্বনাট্য প্রতিভা / _cজীবন বন্দ্যোপাধ্যায় |
||
| 260 |
_aকলিকাতা : _b সংস্কৃতি প্রকাশন, _c১৯৬৯ |
||
| 300 |
_a৩০৭ পৃ.; _c২১ সেমি. |
||
| 650 |
_aRhetoric Drama _914344 |
||
| 650 |
_aঅলংকারমূলক নাটক _914345 |
||
| 942 |
_2ddc _cBK |
||
| 999 |
_c84334 _d84334 |
||